[Event "Leiden SB-ch"]
[Site "Leiden"]
[Date "2013.06.04"]
[Round "3"]
[White "Coene, Igor"]
[Black "Van Wessel, Rudy"]
[Result "0-1"]
[WhiteElo "2180"]
[BlackElo "2387"]
[PlyCount "126"]
[EventDate "2013.05.21"]
[EventType "swiss"]
[EventRounds "7"]
[EventCountry "NED"]
[SourceTitle "EXT 2014"]
[Source "ChessBase"]
[SourceDate "2013.11.20"]
[SourceVersion "1"]
[SourceVersionDate "2013.11.20"]
[SourceQuality "1"]

1. d4 d5 2. Nf3 Nf6 3. c4 c6 4. g3 dxc4 5. Bg2 e6 6. 0-0 b5 7. a4 Qb6 8. b3 cxb3 9. Qxb3 Nbd7 10. Nbd2 Bb7 11. a5 Qa6 12. Ba3 c5 13. dxc5 Nxc5 14. Bxc5 Bxc5 15. Rfb1 b4 16. Rc1 Rc8 17. Bf1 0-0 18. e3 Qd6 19. Bg2 Rfd8 20. Qb2 Qb8 21. Nb3 Be7 22. Nfd4 Bxg2 23. Kxg2 Qb7+ 24. Kg1 Ne4 25. Rxc8 Rxc8 26. Qe2 Nc3 27. Qh5 g6 28. Qe5 Qd5 29. Qxd5 Nxd5 30. Kf1 a6 31. Rc1 Nc3 32. Ke1 e5 33. Ne2 f6 34. Nxc3 bxc3 35. Kd1 Ba3 36. Rc2 Bb2 37. Re2 Kf7 38. Kc2 h5 39. Re1 Ke6 40. Rd1 h4 41. gxh4 Kf5 42. Rd6 Rc4 43. Rxa6 Rxh4 44. Nc5 Rxh2 45. Kd3 e4+ 46. Nxe4 c2 47. Nd6+ Kg4 48. Kxc2 Rxf2+ 49. Kd3 Be5 50. Nc4 g5 51. Nd2 Rh2 52. Ne4 f5 53. Nf6+ Bxf6 54. Rxf6 Ra2 55. a6 Ra5 56. Kd4 Kf3 57. e4 Ra4+ 58. Kd3 f4 59. e5 g4 60. Rb6 g3 61. e6 g2 62. Rb1 Rxa6 63. e7 Re6 0-1

[Event "Leiden SB-ch"]
[Site "Leiden"]
[Date "2011.06.15"]
[Round "5"]
[White "Thissen, Thomas"]
[Black "Coene, Igor"]
[Result "0-1"]
[WhiteElo "1986"]
[BlackElo "2228"]
[PlyCount "84"]
[EventDate "2011.05.17"]
[EventType "swiss"]
[EventRounds "7"]
[EventCountry "NED"]
[SourceTitle "EXT 2012"]
[Source "ChessBase"]
[SourceDate "2011.11.24"]
[SourceVersion "1"]
[SourceVersionDate "2011.11.24"]
[SourceQuality "1"]

1. e4 c5 2. d4 cxd4 3. c3 Nf6 4. e5 Nd5 5. Nf3 Nc6 6. Bc4 Nb6 7. Bb3 d5 8. exd6 Qxd6 9. 0-0 Be6 10. Na3 Bxb3 11. Qxb3 e6 12. Nb5 Qd8 13. Nbxd4 Be7 14. Bf4 Nxd4 15. cxd4 0-0 16. Rad1 Qd5 17. Qxd5 Nxd5 18. Bg3 Rac8 19. a3 Rc2 20. Rb1 Rfc8 21. Rfe1 h6 22. Kf1 Bf6 23. Red1 g6 24. Be5 Bd8 25. Rd3 g5 26. Ng1 f6 27. Bg3 h5 28. h3 h4 29. Bh2 Bb6 30. Ne2 Kf7 31. Ke1 Rd8 32. Kd1 Rc4 33. Rc1 Rxc1+ 34. Kxc1 Ne7 35. Kd2 Nf5 36. Kc3 Rc8+ 37. Kb3 Rd8 38. Kc3 Rd7 39. Bg1 Bc7 40. f3 a6 41. Nc1 Bf4 42. Nb3 Rc7+ 0-1

[Event "Leiden SB-ch"]
[Site "Leiden"]
[Date "2010.06.08"]
[Round "4"]
[White "Coene, Igor"]
[Black "Van Ketel, Raoul"]
[Result "1-0"]
[WhiteElo "2237"]
[BlackElo "2229"]
[PlyCount "74"]
[EventDate "2010.05.18"]
[EventType "swiss"]
[EventRounds "7"]
[EventCountry "NED"]
[SourceTitle "EXT 2012"]
[Source "ChessBase"]
[SourceDate "2011.11.24"]
[SourceVersion "1"]
[SourceVersionDate "2011.11.24"]
[SourceQuality "1"]

1. Nf3 Nf6 2. d4 e6 3. c4 b6 4. e3 Bb7 5. Bd3 d5 6. 0-0 Bd6 7. Nc3 0-0 8. Re1 Ne4 9. Qc2 f5 10. cxd5 exd5 11. Ne5 Bxe5 12. dxe5 Nc6 13. f3 Nc5 14. Bxf5 Nxe5 15. b4 Na6 16. Rb1 c5 17. a3 Kh8 18. Nd1 cxb4 19. axb4 Qf6 20. e4 d4 21. Nf2 Rfd8 22. Rd1 b5 23. Bf4 Nc4 24. Ng4 Qe7 25. e5 Na3 26. Qd2 Nxb1 27. Bxb1 d3 28. Bg5 Qxb4 29. Bxd8 Rxd8 30. Qg5 Qd4+ 31. Kh1 Nc5 32. Nh6 Rf8 33. Qe7 Qf4 34. Qxc5 Bxf3 35. Rg1 gxh6 36. Bxd3 Bh5 37. e6 Bg6 1-0

[Event "Leiden SB-ch"]
[Site "Leiden"]
[Date "2008.07.01"]
[Round "7"]
[White "Coene, Igor"]
[Black "Oudshoorn, Arres"]
[Result "1-0"]
[WhiteElo "2173"]
[BlackElo "1815"]
[PlyCount "59"]
[EventDate "2008.05.20"]
[EventType "swiss"]
[EventRounds "7"]
[EventCountry "NED"]
[SourceTitle "EXT 2012"]
[Source "ChessBase"]
[SourceDate "2011.11.24"]
[SourceVersion "1"]
[SourceVersionDate "2011.11.24"]
[SourceQuality "1"]

1. d4 e6 2. Nf3 c5 3. e4 cxd4 4. Nxd4 Nc6 5. Nc3 Nf6 6. Ndb5 d6 7. Bf4 e5 8. Bg5 a6 9. Na3 Be7 10. Nc4 Be6 11. Bxf6 gxf6 12. Nd5 b5 13. Nce3 Rb8 14. c3 Qd7 15. Bd3 Na7 16. 0-0 Nc8 17. a4 Nb6 18. Nb4 Nxa4 19. Nxa6 Rb7 20. Qd2 Bd8 21. Nb4 Nc5 22. Ra8 Nxd3 23. Qxd3 0-0 24. Nbd5 Be7 25. Rfa1 Rxa8 26. Rxa8+ Kg7 27. Nf5+ Bxf5 28. exf5 Ra7 29. Qg3+ Kh6 30. Qe3+ 1-0

[Event "Leiden SB-ch"]
[Site "Leiden"]
[Date "2008.05.20"]
[Round "1"]
[White "Coene, Igor"]
[Black "De Mooij, Marco"]
[Result "0-1"]
[WhiteElo "2173"]
[BlackElo "1809"]
[PlyCount "96"]
[EventDate "2008.05.20"]
[EventType "swiss"]
[EventRounds "7"]
[EventCountry "NED"]
[SourceTitle "EXT 2012"]
[Source "ChessBase"]
[SourceDate "2011.11.24"]
[SourceVersion "1"]
[SourceVersionDate "2011.11.24"]
[SourceQuality "1"]

1. d4 Nf6 2. Nf3 e6 3. c4 c5 4. g3 cxd4 5. Nxd4 Bb4+ 6. Nc3 Ne4 7. Qd3 f5 8. Bg2 Qa5 9. 0-0 Nxc3 10. bxc3 Bxc3 11. Nb5 Bxa1 12. Nd6+ Ke7 13. Ba3 Bc3 14. Nxc8+ Kd8 15. Nd6 Qxa3 16. Rb1 Bb4 17. Nxb7+ Ke7 18. Qd4 Bc3 19. Qe3 Nc6 20. Rb3 Bd4 21. Qg5+ Bf6 22. Qd2 Qa6 23. Qd6+ Ke8 24. Nc5 Qc8 25. Nxd7 Be7 26. Qxe6 Nd4 27. Qd5 Nxb3 28. Ne5 Nd4 29. Qf7+ Kd8 30. Qd5+ Kc7 31. e3 Qe6 32. Qa5+ Qb6 33. Qe1 Ne6 34. Nc6 Rae8 35. Qd1 Bd6 36. h4 Rhf8 37. Qa4 Nc5 38. Qd1 Ne4 39. Nd4 Rd8 40. Nb5+ Kb8 41. Qd5 Qc5 42. Qd3 Bxg3 43. Qb3 Bxf2+ 44. Kh1 Qxe3 45. Nc3+ Kc8 46. Qb5 Ng3+ 47. Kh2 Bg1+ 48. Kh3 Nh5+ 0-1

[Event "Delft Prinsenstad op-A"]
[Site "Delft"]
[Date "2008.01.06"]
[Round "4"]
[White "Coene, Igor"]
[Black "Van Oosterom, Chiel"]
[Result "0-1"]
[WhiteElo "2155"]
[BlackElo "2393"]
[PlyCount "77"]
[EventDate "2008.01.04"]
[EventType "swiss"]
[EventRounds "6"]
[EventCountry "NED"]
[SourceTitle "EXT 2010"]
[Source "ChessBase"]
[SourceDate "2010.11.25"]
[SourceVersion "1"]
[SourceVersionDate "2010.11.25"]
[SourceQuality "1"]

1. c4 f5 2. g3 Nf6 3. Bg2 g6 4. Nc3 Bg7 5. Nh3 0-0 6. 0-0 e5 7. d3 d6 8. e4 Nc6 9. f4 fxe4 10. dxe4 Nd4 11. Kh1 Be6 12. Qd3 Nd7 13. Ng5 Nc5 14. Nxe6 Nxd3 15. Nxd8 Raxd8 16. f5 c6 17. Bg5 Rde8 18. Rad1 Nxb2 19. Rb1 Nxc4 20. Rxb7 Rf7 21. Rfb1 Nb6 22. Rxf7 Kxf7 23. a4 Bf6 24. Be3 Re7 25. g4 g5 26. Bf1 Rc7 27. a5 Nd7 28. Bc4+ Ke7 29. Na4 Nc2 30. Bc1 Kd8 31. Kg2 h6 32. Kf2 Be7 33. Be6 Nd4 34. Be3 Nb5 35. h4 Nf6 36. Kf3 gxh4 37. Nc3 d5 38. exd5 e4+ 39. Nxe4 0-1

[Event "Delft Prinsenstad op-A"]
[Site "Delft"]
[Date "2008.01.05"]
[Round "3"]
[White "Van den Bergh, Jan"]
[Black "Coene, Igor"]
[Result "0-1"]
[WhiteElo "2103"]
[BlackElo "2155"]
[PlyCount "56"]
[EventDate "2008.01.04"]
[EventType "swiss"]
[EventRounds "6"]
[EventCountry "NED"]
[SourceTitle "EXT 2010"]
[Source "ChessBase"]
[SourceDate "2010.11.25"]
[SourceVersion "1"]
[SourceVersionDate "2010.11.25"]
[SourceQuality "1"]

1. Nf3 d5 2. b3 c5 3. c4 Nf6 4. Bb2 d4 5. b4 Bf5 6. bxc5 Nc6 7. g3 e5 8. d3 Nd7 9. Bg2 Nxc5 10. 0-0 Bd6 11. Ne1 0-0 12. e4 dxe3 13. fxe3 Qb6 14. Bc1 Bg6 15. Nc3 Nb4 16. Nd5 Nxd5 17. Bxd5 Rad8 18. Rf2 Be7 19. Ba3 Bg5 20. Rb1 Qa5 21. Bb4 Qc7 22. Qe2 Qb6 23. h4 Nxd3 24. Nxd3 Bxe3 25. Rb2 Bxd3 26. Bxf8 Bxe2 27. Rxb6 axb6 28. Bxf7+ Kxf8 0-1

[Event "Leiden SB-ch"]
[Site "Leiden"]
[Date "2007.06.26"]
[Round "7"]
[White "Termeulen, Albert"]
[Black "Coene, Igor"]
[Result "1/2-1/2"]
[WhiteElo "2107"]
[BlackElo "2108"]
[PlyCount "188"]
[EventDate "2007.05.15"]
[EventType "swiss"]
[EventRounds "7"]
[EventCountry "NED"]
[SourceTitle "EXT 2012"]
[Source "ChessBase"]
[SourceDate "2011.11.24"]
[SourceVersion "1"]
[SourceVersionDate "2011.11.24"]
[SourceQuality "1"]

1. e4 e5 2. Nf3 Nc6 3. Bb5 a6 4. Ba4 Nf6 5. 0-0 Be7 6. Re1 b5 7. Bb3 d6 8. c3 0-0 9. h3 Nb8 10. d4 Nbd7 11. Nbd2 Bb7 12. Bc2 Re8 13. Nf1 Bf8 14. Ng3 g6 15. a4 c6 16. b4 Qc7 17. Qd3 d5 18. dxe5 dxe4 19. Nxe4 Nxe4 20. Qxe4 c5 21. Qf4 Bxf3 22. Qxf3 Nxe5 23. Rxe5 Qxe5 24. Bf4 Qf6 25. axb5 cxb4 26. Be4 Rac8 27. bxa6 Rxc3 28. Be3 Qxf3 29. gxf3 Ra3 30. Rxa3 bxa3 31. Bd5 Bh6 32. Bxh6 Ra8 33. Bxa8 a2 34. Bb7 a1Q+ 35. Kg2 g5 36. Bxg5 Qg7 37. h4 f6 38. Bd5+ Kf8 39. a7 Qxa7 40. Bxf6 Qb6 41. Bg5 h6 42. Bf4 Qf6 43. Bg3 Qd4 44. Be4 Kf7 45. Bf4 Qf6 46. Bg3 Qg7 47. Ba8 Qa1 48. Be4 Qc1 49. Bd5+ Kf6 50. Be4 Qd2 51. Bb7 Ke6 52. Be4 Kd7 53. Kh3 h5 54. Kg2 Qe2 55. Bf4 Qb2 56. Bg5 Qg7 57. f4 Ke6 58. f5+ Ke5 59. f6 Qf7 60. Bf3 Kf5 61. Be2 Qd5+ 62. Bf3 Qf7 63. Kg3 Qc7+ 64. Kh3 Qc3 65. Kg2 Kg6 66. Be4+ Kf7 67. Bd5+ Kg6 68. f7 Qb4 69. f3 Qb2+ 70. Kh3 Qb4 71. Be3 Qe7 72. Kg2 Qd6 73. Kf2 Qd8 74. Bc5 Qxh4+ 75. Ke2 Qh2+ 76. Kd3 Qe5 77. f8Q Qxd5+ 78. Bd4 Qb3+ 79. Ke2 Qc2+ 80. Ke3 Qc1+ 81. Ke4 Qc6+ 82. Kf4 Qc7+ 83. Be5 Qc1+ 84. Kg3 Qg5+ 85. Kh3 Qxe5 86. Qg8+ Kf5 87. Qf7+ Qf6 88. Qxh5+ Kf4 89. Qg4+ Ke3 90. Qe4+ Kf2 91. f4 Qh6+ 92. Kg4 Qg7+ 93. Kf5 Qh7+ 94. Ke5 Qc7+ 1/2-1/2

[Event "Leiden SB-ch"]
[Site "Leiden"]
[Date "2007.05.22"]
[Round "2"]
[White "Coene, Igor"]
[Black "Leeuwenburgh, Evert"]
[Result "1-0"]
[WhiteElo "2108"]
[BlackElo "1924"]
[PlyCount "65"]
[EventDate "2007.05.15"]
[EventType "swiss"]
[EventRounds "7"]
[EventCountry "NED"]
[SourceTitle "EXT 2012"]
[Source "ChessBase"]
[SourceDate "2011.11.24"]
[SourceVersion "1"]
[SourceVersionDate "2011.11.24"]
[SourceQuality "1"]

1. Nf3 Nf6 2. c4 e6 3. g3 d5 4. Bg2 Be7 5. 0-0 0-0 6. d4 b6 7. Nc3 Bb7 8. Bf4 c6 9. Rc1 Nbd7 10. a3 a5 11. Re1 dxc4 12. Nd2 Nd5 13. Nxc4 Nxf4 14. gxf4 b5 15. Ne5 Nxe5 16. fxe5 Qb6 17. Ne4 Rad8 18. e3 Rd7 19. Qh5 Qd8 20. Nc5 Bxc5 21. Rxc5 Rc7 22. Rec1 Qd7 23. h4 Rfc8 24. Qg5 h6 25. Qg4 Kf8 26. Be4 f5 27. exf6 gxf6 28. Bg6 Qg7 29. h5 Qe7 30. Qf4 Kg7 31. Kh2 Rd7 32. Rg1 Qd6 33. Be8+ 1-0

[Event "Leiden SB-ch"]
[Site "Leiden"]
[Date "2004.07.07"]
[Round "7"]
[White "Coene, Igor"]
[Black "De Heer, Machiel"]
[Result "1-0"]
[WhiteElo "2061"]
[BlackElo "2228"]
[PlyCount "69"]
[EventDate "2004.05.19"]
[EventType "swiss"]
[EventRounds "7"]
[EventCountry "NED"]
[SourceTitle "EXT 2012"]
[Source "ChessBase"]
[SourceDate "2011.11.24"]
[SourceVersion "1"]
[SourceVersionDate "2011.11.24"]
[SourceQuality "1"]

1. c4 e5 2. g3 Nc6 3. Bg2 g6 4. Nc3 Bg7 5. Rb1 a5 6. d3 d6 7. e4 Nd4 8. Nce2 c6 9. Nxd4 exd4 10. f4 Nf6 11. h3 h5 12. Nf3 h4 13. g4 Qe7 14. Qe2 Nd7 15. 0-0 f5 16. Ng5 fxg4 17. hxg4 Nf6 18. Bf3 h3 19. Bd2 Nh7 20. Nxh7 Rxh7 21. g5 Bd7 22. f5 Be5 23. fxg6 Rg7 24. Bh5 Be6 25. Rf2 0-0-0 26. Rbf1 Rh8 27. Kh1 b5 28. cxb5 cxb5 29. a3 Kb8 30. Rf6 Rgg8 31. Bxa5 h2 32. Bb4 Bc8 33. Bg4 Bxg4 34. Qxg4 Qc7 35. Qe6 1-0

[Event "Leiden SB-ch"]
[Site "Leiden"]
[Date "2004.06.09"]
[Round "4"]
[White "Oei, Hway Ik"]
[Black "Coene, Igor"]
[Result "0-1"]
[WhiteElo "2144"]
[BlackElo "2061"]
[PlyCount "61"]
[EventDate "2004.05.19"]
[EventType "swiss"]
[EventRounds "7"]
[EventCountry "NED"]
[SourceTitle "EXT 2012"]
[Source "ChessBase"]
[SourceDate "2011.11.24"]
[SourceVersion "1"]
[SourceVersionDate "2011.11.24"]
[SourceQuality "1"]

1. d4 Nf6 2. c4 e6 3. Nc3 Bb4 4. Qc2 0-0 5. Bg5 c5 6. dxc5 Bxc3+ 7. Qxc3 Na6 8. Bxf6 Qxf6 9. Qxf6 gxf6 10. e4 Nxc5 11. f3 d5 12. b4 Nd7 13. cxd5 exd5 14. exd5 Nb6 15. Rd1 a5 16. b5 Rd8 17. Bd3 Nxd5 18. Be4 Be6 19. Ne2 Rac8 20. Kf2 f5 21. Bb1 Rc5 22. a4 Rc4 23. Rd2 Rd7 24. Rhd1 Nb6 25. Rxd7 Nxd7 26. Ba2 Rc7 27. Bxe6 fxe6 28. Ke3 Kf7 29. f4 Ke7 30. Kd4 Nc5 31. Ra1 0-1

[Event "Leiden SB-ch"]
[Site "Leiden"]
[Date "2004.05.26"]
[Round "2"]
[White "Bakker, Joop"]
[Black "Coene, Igor"]
[Result "0-1"]
[WhiteElo "1879"]
[BlackElo "2061"]
[PlyCount "68"]
[EventDate "2004.05.19"]
[EventType "swiss"]
[EventRounds "7"]
[EventCountry "NED"]
[SourceTitle "EXT 2012"]
[Source "ChessBase"]
[SourceDate "2011.11.24"]
[SourceVersion "1"]
[SourceVersionDate "2011.11.24"]
[SourceQuality "1"]

1. e4 c5 2. g3 d5 3. exd5 Qxd5 4. Qf3 Qxf3 5. Nxf3 Nc6 6. Bg2 e5 7. 0-0 Be6 8. Ng5 Bd7 9. Re1 f6 10. Nh3 Bxh3 11. Bxh3 Nd4 12. Na3 Nf3+ 13. Kf1 Nxe1 14. Kxe1 h5 15. d3 h4 16. Bg2 hxg3 17. hxg3 0-0-0 18. Nc4 Ne7 19. Bd2 g6 20. b4 cxb4 21. Bxb4 Nd5 22. Bxf8 Rhxf8 23. Rb1 Rf7 24. Na5 b6 25. Nc6 Rd6 26. c4 Nc3 27. Rb3 Rxd3 28. f4 exf4 29. gxf4 Rc7 30. Nb4 Re7+ 31. Kf1 Rd1+ 32. Kf2 Rd2+ 33. Kf1 Nd1 34. Nd3 Ne3+ 0-1